[Event "Deltalift Open 2012"]
[Site "Tylosand"]
[Date "2012.05.18"]
[Round "6.17"]
[White "Ostling, Hakan"]
[Black "Elenius, Erik"]
[Result "1-0"]
[WhiteElo "2269"]
[BlackElo "2073"]
[EventDate "2012.05.17"]

1.b4 e5 2.Bb2 Bxb4 3.Bxe5 Nf6 4.c4 O-O 5.a3 d6 6.Bb2 Ba5 7.e3 c6 8.Nc3 Re8
9.Qc2 d5 10.cxd5 cxd5 11.Nb5 Ne4 12.Rd1 Bf5 13.Qb3 Na6 14.Nf3 Nec5 15.Qa2 
Nd3+ 16.Bxd3 Bxd3 17.Nbd4 Bc4 18.Qa1 Nc5 19.Ne2 Nd3+ 20.Kf1 Qb6 21.Bd4 Qg6
22.Kg1 Bc7 23.Ng3 Re4 24.Nxe4 dxe4 25.Ne5 Bxe5 26.Bxe5 Re8 27.Bg3 h5 28.
Qd4 b5 29.Qxa7 Qg4 30.Rb1 Qe2 31.h3 Qxd2 32.Qd4 Qc2 33.Kh2 Qa4 34.Qd7 Re6 
35.Qd8+ Kh7 36.Qh4 g6 37.Ra1 Qa8 38.Rhb1 Qd5 39.Kg1 Kh6 40.Bb8 g5 41.Qg3 
h4 42.Qc7 Rf6 43.Rf1 Ne5 44.Qxe5 1-0

[Event "Deltalift Open 2012"]
[Site "Tylosand"]
[Date "2012.05.18"]
[Round "6.18"]
[White "Johansson, Mikael"]
[Black "Kumar, Rahul"]
[Result "0-1"]
[WhiteElo "2094"]
[BlackElo "2252"]
[EventDate "2012.05.17"]

1.d4 d6 2.c4 c6 3.Nc3 Nd7 4.e4 e5 5.Be3 Ngf6 6.f3 Be7 7.Nge2 a6 8.Qd2 Qc7 
9.Nc1 exd4 10.Bxd4 b5 11.cxb5 axb5 12.b4 O-O 13.Nb3 Nb6 14.Na5 Be6 15.Be2 
d5 16.exd5 Nfxd5 17.Nxd5 Nxd5 18.a3 c5 19.Rc1 c4 20.Qb2 Bg5 21.O-O Bxc1 
22.Rxc1 f6 23.a4 c3 24.Qb1 bxa4 25.Bd3 g6 26.h4 Nf4 27.Rxc3 Qd7 28.Bc5 
Rfc8 29.Be4 Ne2+ 0-1

[Event "Deltalift Open 2012"]
[Site "Tylosand"]
[Date "2012.05.18"]
[Round "6.19"]
[White "Svensson, Leif"]
[Black "Thiborg, Jesper"]
[Result "1-0"]
[WhiteElo "2236"]
[BlackElo "2059"]
[EventDate "2012.05.17"]

1.d4 d5 2.Nc3 Nf6 3.Bg5 Bf5 4.e3 Nbd7 5.Bd3 Bxd3 6.cxd3 c6 7.Nf3 e6 8.O-O 
h6 9.Bh4 Qb6 10.Rb1 Be7 11.e4 g5 12.Bg3 g4 13.Ne5 h5 14.Qa4 h4 15.Bf4 Qb4 
16.Nxd7 Kxd7 17.Qxb4 Bxb4 18.Be5 Rh6 19.f3 g3 20.hxg3 hxg3 21.Bxg3 Rg8 22.
Be5 Nh5 23.Kf2 f6 24.Bh2 c5 25.g4 cxd4 26.Ne2 dxe4 27.dxe4 Ng7 28.Bf4 Rh7 
29.Rh1 Rgh8 30.Rxh7 Rxh7 31.e5 d3 32.Rd1 Bc5+ 33.Kg2 Ne8 34.Rxd3+ Ke7 35.
Nc3 Rg7 36.Ne4 Bb6 37.exf6+ Nxf6 38.Bg5 1-0

[Event "Deltalift Open 2012"]
[Site "Tylosand"]
[Date "2012.05.18"]
[Round "6.22"]
[White "Wiander, Michael"]
[Black "Lindstrom, Reine"]
[Result "1-0"]
[WhiteElo "2198"]
[BlackElo "1993"]
[EventDate "2012.05.17"]

1.e4 e5 2.d4 exd4 3.Qxd4 Nc6 4.Qe3 d6 5.Nc3 g6 6.Bc4 Bg7 7.Nge2 Nb4 8.Bb3 
Be6 9.Nd5 Bxd5 10.exd5+ Qe7 11.Ba4+ Kf8 12.Qb3 Na6 13.Qxb7 Rb8 14.Qxa6 
Bxb2 15.Bxb2 Rxb2 16.Bb3 Qg5 17.O-O Nf6 18.Qd3 Kg7 19.f4 Qf5 20.Qc3 Rxb3 
21.axb3 Qxd5 22.f5 1-0

[Event "Deltalift Open 2012"]
[Site "Tylosand"]
[Date "2012.05.18"]
[Round "6.24"]
[White "Lindhe, Magnus"]
[Black "Bengtsson, Jessica"]
[Result "1/2-1/2"]
[WhiteElo "2169"]
[BlackElo "1945"]
[EventDate "2012.05.17"]

1.e4 c5 2.Nf3 Nc6 3.Nc3 e5 4.Bc4 Be7 5.d3 Nf6 6.Ng5 O-O 7.f4 d6 8.O-O h6 
9.Nf3 exf4 10.Bxf4 a6 11.a3 b5 12.Ba2 Be6 13.Nd5 Ng4 14.Qd2 Nce5 15.h3 
Nxf3+ 16.gxf3 Nf6 17.Kh2 Nxd5 18.Bxd5 Bxd5 19.exd5 Bg5 20.Rg1 Bxf4+ 21.
Qxf4 Kh7 22.Rae1 Ra7 23.Re4 g6 24.h4 Re7 25.h5 Rxe4 26.fxe4 Qe7 27.Rg3 Kg7
28.b4 cxb4 29.axb4 Qc7 30.Rg2 Qe7 31.c4 g5 32.Qf5 Re8 33.cxb5 axb5 34.Rc2 
Ra8 35.d4 Re8 36.Re2 Qf6 37.Qxf6+ Kxf6 38.Kg3 Rc8 39.Rf2+ Ke7 40.e5 Rc3+ 
41.Kg4 Rd3 42.exd6+ Kxd6 43.Rf6+ Kxd5 44.Rxh6 Rxd4+ 45.Kxg5 Rxb4 46.Rf6 
Rb1 47.Rxf7 b4 48.h6 Rg1+ 49.Kf6 Rf1+ 50.Kg7 Rxf7+ 1/2-1/2

[Event "Deltalift Open 2012"]
[Site "Tylosand"]
[Date "2012.05.18"]
[Round "6.25"]
[White "Astrom, Lars"]
[Black "Neretljak, Nedzad"]
[Result "0-1"]
[WhiteElo "2047"]
[BlackElo "2164"]
[EventDate "2012.05.17"]

1.e4 e6 2.d4 d5 3.Nd2 c6 4.Ngf3 Nf6 5.e5 Nfd7 6.Bd3 c5 7.c3 Nc6 8.Nf1 Be7 
9.Be3 cxd4 10.cxd4 f6 11.exf6 Bxf6 12.Ng3 O-O 13.O-O e5 14.dxe5 Ndxe5 15.
Be2 Be6 16.Nd4 Bf7 17.Ngf5 Qd7 18.g4 Bg6 19.f4 Nc4 20.Nxc6 Nxe3 21.Nxe3 
bxc6 22.f5 Bf7 23.Rb1 Rfe8 24.Ng2 Rab8 25.Qc2 Qd6 26.Nf4 Be5 27.Qd2 Bxf4 
28.Rxf4 Rxe2 0-1

[Event "Deltalift Open 2012"]
[Site "Tylosand"]
[Date "2012.05.18"]
[Round "6.26"]
[White "Lindahl, Emil"]
[Black "Ravik, Andreas"]
[Result "1-0"]
[WhiteElo "2154"]
[BlackElo "1921"]
[EventDate "2012.05.17"]

1.d4 d5 2.c4 e5 3.dxe5 d4 4.Nf3 Nc6 5.Nbd2 Bg4 6.Qb3 Qd7 7.h3 Bf5 8.g4 Bg6
9.Nh4 Bb4 10.Nxg6 fxg6 11.Bg2 Nge7 12.a3 Bxd2+ 13.Bxd2 O-O 14.f4 g5 15.c5+
Kh8 16.e6 Qc8 17.f5 Nxf5 18.gxf5 Rxf5 19.Rf1 Re5 20.Qc4 Qe8 21.Rf2 Rd8 22.
O-O-O Qe7 23.b4 Rxe6 24.Rdf1 Rf6 25.Bxg5 1-0

[Event "Deltalift Open 2012"]
[Site "Tylosand"]
[Date "2012.05.18"]
[Round "6.27"]
[White "Sandstrom, Anders"]
[Black "Nilsson, Weine"]
[Result "0-1"]
[WhiteElo "2024"]
[BlackElo "2199"]
[EventDate "2012.05.17"]

1.Nf3 Nf6 2.c4 e6 3.g3 d5 4.d4 dxc4 5.Bg2 Nc6 6.Qa4 Bd7 7.Qxc4 Bb4+ 8.Nc3 
O-O 9.O-O Qe7 10.Re1 Na5 11.Qd3 c5 12.dxc5 Bxc5 13.Bg5 Rfd8 14.Bxf6 gxf6 
15.Rac1 Rac8 16.Qb1 b5 17.Ne4 Bb6 18.Red1 f5 19.Rxc8 Bxc8 20.Rxd8+ Qxd8 
21.Neg5 f6 22.Nh3 Nc4 23.Qc1 e5 24.b3 Nd6 25.Nh4 Be6 26.Qc6 Qd7 27.Qa8+ 
Kg7 28.Qc6 Qxc6 29.Bxc6 b4 30.Kg2 Ne4 31.Bxe4 fxe4 32.e3 a5 33.Ng1 a4 34.
bxa4 Bxa2 35.Nf5+ Kf7 36.Nd6+ Ke6 37.Nb5 Bb3 0-1

[Event "Deltalift Open 2012"]
[Site "Tylosand"]
[Date "2012.05.18"]
[Round "6.28"]
[White "Larsson, Dan"]
[Black "Pistol, Mats-Erik"]
[Result "1-0"]
[WhiteElo "2144"]
[BlackElo "1851"]
[EventDate "2012.05.17"]

1.e4 e5 2.Nf3 Nc6 3.d4 exd4 4.Nxd4 Nf6 5.Nxc6 bxc6 6.e5 Qe7 7.Qe2 Nd5 8.c4
Nb6 9.b3 Qe6 10.Bb2 g6 11.g3 Bg7 12.Bg2 O-O 13.O-O a5 14.f4 a4 15.Nd2 axb3
16.axb3 Rxa1 17.Bxa1 f5 18.Qf2 Bb7 19.Bd4 Nc8 20.Re1 Ne7 21.Bc5 Re8 22.Nf3
Qf7 23.e6 dxe6 24.Ng5 Qf8 25.Nxe6 Qf7 26.Ng5 Qf8 27.Qe2 Bf6 28.Ne6 Qf7 29.
Nxc7 Rc8 30.Bd6 h6 31.Ne6 Re8 32.Nc5 Ba8 33.Be5 Nc8 34.Qa2 Bxe5 35.Rxe5 
Rxe5 36.fxe5 Bb7 37.Qa5 Qe7 38.h3 Kf7 39.e6+ Kg8 40.Nxb7 Qxb7 41.Qd8+ 1-0

[Event "Deltalift Open 2012"]
[Site "Tylosand"]
[Date "2012.05.18"]
[Round "6.35"]
[White "Persson, Andreas"]
[Black "Barkman, Rolf"]
[Result "1-0"]
[WhiteElo "2177"]
[BlackElo "1875"]
[EventDate "2012.05.17"]

1.e4 e5 2.Nf3 Nc6 3.Bc4 Bc5 4.c3 Qf6 5.b4 Bb6 6.d3 h6 7.Nbd2 d6 8.Nf1 Nge7
9.Ne3 Bxe3 10.Bxe3 g5 11.h4 g4 12.Nd2 Ng6 13.g3 Nce7 14.Bb3 c6 15.Nf1 d5 
16.h5 d4 17.hxg6 dxe3 18.gxf7+ Kf8 19.Nxe3 h5 20.d4 Ng6 21.d5 Kxf7 22.
dxc6+ Be6 23.Qd7+ Ne7 24.Bxe6+ Qxe6 25.Qxe6+ Kxe6 26.cxb7 Rab8 27.Rd1 Rxb7
28.Nxg4 Rc7 29.Rd3 Ng6 30.Ne3 h4 31.Nd5 Rc4 32.Ne3 Rxe4 33.f3 hxg3 34.Rxh8
g2 35.Kf2 Rxe3 36.Rxe3 Nxh8 37.Kxg2 Ng6 38.Re4 a6 39.Kf2 Nf4 40.Rxf4 1-0

[Event "Deltalift Open 2012"]
[Site "Tylosand"]
[Date "2012.05.18"]
[Round "6.37"]
[White "Svensson, Daniel"]
[Black "Kallerholm, Par"]
[Result "0-1"]
[WhiteElo "1700"]
[BlackElo "2074"]
[EventDate "2012.05.17"]

1.e4 g6 2.Nf3 Bg7 3.d4 d6 4.Bc4 Nf6 5.Nbd2 O-O 6.Qe2 Nc6 7.c3 e5 8.Nf1 
exd4 9.cxd4 Nxe4 10.Be3 d5 11.Bb3 Qd6 12.a3 Bg4 13.Ng3 Nxd4 14.Bxd4 Bxd4 
15.Nxe4 dxe4 16.O-O-O exf3 17.gxf3 Qf4+ 0-1

[Event "Deltalift Open 2012"]
[Site "Tylosand"]
[Date "2012.05.18"]
[Round "6.40"]
[White "Unmack, Christian"]
[Black "Naglic, Zdenko"]
[Result "1-0"]
[WhiteElo "2161"]
[BlackElo "1845"]
[EventDate "2012.05.17"]

1.d4 Nf6 2.Nc3 d5 3.e4 dxe4 4.f3 Bf5 5.fxe4 Nxe4 6.Qf3 Nxc3 7.Qxf5 Nd5 8.
c3 e6 9.Qf2 Qf6 10.Nf3 h6 11.Bd3 Nd7 12.O-O O-O-O 13.Qc2 Qe7 14.a3 c5 15.
c4 N5f6 16.b4 cxd4 17.c5 Nb8 18.Ne5 Rd5 19.Nc4 Qc7 20.Qa4 a6 21.Nb6+ Kd8 
22.Na8 Qc6 23.Qa5+ Ke7 24.Bf4 e5 25.Nb6 Nbd7 26.Nc4 Ke8 27.Rae1 Be7 28.
Bxe5 Nxe5 29.Nxe5 Qc8 30.Bc4 Qd8 31.Qa4+ Kf8 32.Qb3 Kg8 33.Nxf7 Kxf7 34.
Bxd5+ Ke8 35.Bf7+ Kd7 36.Qe6+ 1-0

[Event "Deltalift Open 2012"]
[Site "Tylosand"]
[Date "2012.05.18"]
[Round "6.44"]
[White "Olsson, Tomas"]
[Black "Agovic, Sejfo"]
[Result "1-0"]
[WhiteElo "2001"]
[BlackElo "1790"]
[EventDate "2012.05.17"]

1.e4 c5 2.Nf3 Nc6 3.d4 cxd4 4.Nxd4 Nf6 5.Nc3 e5 6.Ndb5 d6 7.Bg5 a6 8.Na3 
b5 9.Nd5 Be7 10.Bxf6 Bxf6 11.c3 O-O 12.Nc2 Bg5 13.g3 g6 14.Bg2 Kh8 15.O-O 
Bb7 16.Nce3 Bxe3 17.Nxe3 Ne7 18.Qd3 f5 19.exf5 Bxg2 20.Kxg2 gxf5 21.f4 e4 
22.Qd4+ Kg8 23.Rfd1 Nc8 24.Qd5+ Kg7 25.Qxa8 Qb6 26.Nd5 Qc5 27.Rd4 Rf7 28.
b4 Qa7 29.Qxc8 a5 30.Ne3 axb4 31.Nxf5+ Kg6 32.Qg8+ 1-0

[Event "Deltalift Open 2012"]
[Site "Tylosand"]
[Date "2012.05.18"]
[Round "6.49"]
[White "Nilsson, Fredrik"]
[Black "Radberg, John"]
[Result "0-1"]
[WhiteElo "1282"]
[BlackElo "1930"]
[EventDate "2012.05.17"]

1.d4 Nf6 2.Nf3 e6 3.e3 Be7 4.Bd3 b6 5.O-O Bb7 6.b3 O-O 7.Bb2 Nc6 8.Nbd2 
Nb4 9.a3 Nxd3 10.cxd3 d5 11.Ne5 Nd7 12.f4 f6 13.Nxd7 Qxd7 14.Qc2 c5 15.
Rfe1 Rac8 16.Qd1 Rc7 17.Nf3 Rfc8 18.Rc1 Ba6 19.dxc5 Bxc5 20.b4 Qb5 21.d4 
Bd6 22.Rxc7 Rxc7 23.h3 Qc4 24.Qc1 Qb3 25.Qa1 Rc2 0-1

[Event "Deltalift Open 2012"]
[Site "Tylosand"]
[Date "2012.05.18"]
[Round "6.59"]
[White "Ojerskog, Bertil"]
[Black "Storm, Ingemar"]
[Result "1-0"]
[WhiteElo "1527"]
[BlackElo "1688"]
[EventDate "2012.05.17"]

1.d4 Nf6 2.Bf4 d6 3.Nf3 Bg4 4.Nbd2 Nbd7 5.e3 e5 6.Bg5 Be7 7.e4 exd4 8.h3 
Bxf3 9.gxf3 d5 10.Qe2 dxe4 11.fxe4 c5 12.O-O-O Qc7 13.f4 O-O-O 14.Bg2 h6 
15.Bxf6 Nxf6 16.Rhf1 Kb8 17.Rf3 Rhe8 18.Rb3 Qxf4 19.e5 Nd5 20.Bxd5 Rxd5 
21.Qb5 1-0

[Event "Deltalift Open 2012"]
[Site "Tylosand"]
[Date "2012.05.18"]
[Round "6.60"]
[White "Kasselstrand, Erik"]
[Black "Ng, Klemens"]
[Result "1-0"]
[WhiteElo "1672"]
[BlackElo "1526"]
[EventDate "2012.05.17"]

1.e4 c5 2.d4 cxd4 3.c3 d3 4.Nf3 Nc6 5.Bxd3 d6 6.O-O g6 7.Bf4 Bg7 8.Re1 Bg4
9.h3 Bxf3 10.Qxf3 Qb6 11.Re2 Ne5 12.Bxe5 Bxe5 13.Na3 a6 14.Bc2 Qxb2 15.
Ba4+ 1-0

[Event "Deltalift Open 2012"]
[Site "Tylosand"]
[Date "2012.05.18"]
[Round "6.61"]
[White "Brondum Kraul, Jan"]
[Black "Svensson, Paula"]
[Result "0-1"]
[WhiteElo "1647"]
[BlackElo "1342"]
[EventDate "2012.05.17"]

1.e4 d6 2.d4 e5 3.d5 Bd7 4.c4 c6 5.Nc3 Na6 6.Nf3 h6 7.Be2 Nf6 8.a3 Nc5 9.
Be3 Ncxe4 10.Qc2 Nxc3 11.Qxc3 Be7 12.Rd1 O-O 13.O-O Bg4 14.h3 Bh5 15.dxc6 
Qc7 16.cxb7 Qxb7 17.Kh2 Rac8 18.Qd2 Bg6 19.b4 Rcd8 20.Qe1 Qb8 21.Rb1 Bxb1 
0-1

[Event "Deltalift Open 2012"]
[Site "Tylosand"]
[Date "2012.05.18"]
[Round "6.62"]
[White "Saad, Hamza"]
[Black "Olsson, Linn"]
[Result "0-1"]
[WhiteElo "1262"]
[BlackElo "1645"]
[EventDate "2012.05.17"]

1.e4 e6 2.d4 d5 3.Nc3 Bb4 4.Bd3 Nc6 5.Ne2 dxe4 6.Bxe4 Bd7 7.Be3 Nf6 8.Bxc6
Bxc6 9.f3 Nd5 10.Bd2 Bxc3 11.Bxc3 Ne3 12.Qd3 Nxg2+ 13.Kd2 Qg5+ 14.f4 Nxf4 
15.Rhg1 Qxg1 16.Rxg1 Nxd3 17.Kxd3 Bb5+ 18.Kd2 Bxe2 19.Kxe2 O-O 20.Bd2 g6 
21.Bh6 Rfd8 22.c3 Rd5 23.Bf4 c6 24.Kd3 c5 25.Be3 cxd4 26.Bxd4 Rad8 27.Ke4 
a6 28.b3 Rh5 29.Rg2 Rdd5 30.Kd3 e5 31.Ke4 exd4 32.cxd4 Rhg5 33.Rd2 Rge5+ 
34.Kd3 Re8 35.Kc4 Red8 36.b4 b5+ 37.Kc3 f5 0-1

[Event "Deltalift Open 2012"]
[Site "Tylosand"]
[Date "2012.05.18"]
[Round "6.64"]
[White "Nylander, Lennart"]
[Black "Bjureblad, Martin"]
[Result "1/2-1/2"]
[WhiteElo "1590"]
[BlackElo "1265"]
[EventDate "2012.05.17"]

1.e4 c5 2.Nf3 Nc6 3.c3 a6 4.d4 cxd4 5.cxd4 Nf6 6.Nc3 g6 7.a3 Bg7 8.Bc4 e6 
9.Ba2 O-O 10.O-O b5 11.e5 Ne8 12.Ne4 Ne7 13.Bg5 h6 14.Bh4 g5 15.Nexg5 hxg5
16.Nxg5 f6 17.exf6 Bxf6 18.Qh5 Bxg5 19.Qxg5+ Kf7 20.Qh5+ Kg7 21.Qg5+ Kf7 
22.Qh5+ Kg7 1/2-1/2

[Event "Deltalift Open 2012"]
[Site "Tylosand"]
[Date "2012.05.19"]
[Round "7.1"]
[White "Tikkanen, Hans"]
[Black "Brynell, Stellan"]
[Result "1-0"]
[WhiteElo "2566"]
[BlackElo "2489"]

1.Nf3 d5 2.c4 e6 3.g3 Nf6 4.Bg2 Be7 5.O-O O-O 6.b3 b6 7.Bb2 Bb7 8.e3 Nbd7 
9.Nc3 Ne4 10.Qe2 Bf6 11.cxd5 exd5 12.d4 Qe7 13.Rfd1 c5 14.Rac1 Rfd8 15.
dxc5 Ndxc5 16.Nd4 g6 17.Qc2 Re8 18.Nxe4 dxe4 19.Ba3 Rac8 20.Bh3 Rcd8 21.
Bxc5 bxc5 22.Qxc5 Bxd4 23.Rxd4 Rxd4 24.Qxd4 Ba6 25.Qa4 Bb7 26.Qxa7 Ra8 27.
Qb6 Rxa2 28.Rc7 Ra1+ 29.Kg2 Ba6 30.Qxa6 1-0

[Event "Deltalift Open 2012"]
[Site "Tylosand"]
[Date "2012.05.19"]
[Round "7.2"]
[White "Berg, Emanuel"]
[Black "Hillarp Persson, Tiger"]
[Result "1/2-1/2"]
[WhiteElo "2587"]
[BlackElo "2578"]

1.e4 c6 2.d4 d5 3.e5 Bf5 4.Nf3 e6 5.Be2 h6 6.O-O Nd7 7.c3 Bh7 8.Ne1 Ne7 9.
Na3 c5 10.Nac2 Rc8 11.Bd3 Bxd3 12.Nxd3 cxd4 13.Nxd4 Nc6 14.f4 g6 15.Be3 h5
16.Qf3 a6 17.Rae1 Ne7 18.Qh3 Nb8 19.Kh1 Nbc6 20.Nc5 Nf5 21.Nxf5 gxf5 22.
Nxb7 Qc7 23.Nd6+ Bxd6 24.exd6 Qxd6 25.b4 Ne7 26.Bd4 Rh7 27.Bc5 Rxc5 28.
bxc5 Qxc5 29.Rb1 Kf8 30.Qd3 Kg7 31.Qd4+ Qxd4 32.cxd4 Nc6 33.Rfd1 Rh8 34.
Rb6 Ne7 35.h4 Ra8 36.Rc1 Ng8 37.Rc7 Kf6 38.Rcc6 Nh6 39.Rxa6 Rb8 40.Rab6 
Ra8 41.Ra6 Rb8 42.Rab6 Ra8 43.Rc2 Ra4 44.Rd2 Ng4 45.Rb3 Rc4 46.g3 Rc1+ 47.
Kg2 Ra1 48.Kf3 Kg6 49.Ke2 Nf6 50.Kd3 Ne4 51.Rg2 Rd1+ 52.Kc2 Rxd4 53.a3 Ra4
54.Kb2 Nd6 55.Ka2 Nc4 56.Rc2 Kf6 57.Rcc3 Ra7 58.Rb4 Ke7 59.a4 Kd6 60.Kb3 
Kc5 61.Rcxc4+ dxc4+ 62.Rxc4+ Kd5 63.Kc3 f6 64.Rd4+ Kc5 65.Rc4+ Kd5 1/2-1/2

[Event "Deltalift Open 2012"]
[Site "Tylosand"]
[Date "2012.05.19"]
[Round "7.3"]
[White "Naslund, Mikael"]
[Black "Ziegler, Ari"]
[Result "0-1"]
[WhiteElo "2143"]
[BlackElo "2358"]

1.Nf3 Nf6 2.c4 g6 3.Nc3 Bg7 4.d4 O-O 5.Bg5 c5 6.e3 d6 7.Be2 Nbd7 8.O-O h6 
9.Bh4 g5 10.Bg3 Nh5 11.dxc5 Nxg3 12.hxg3 Nxc5 13.Qc2 a5 14.Nd4 Re8 15.Rfd1
Bd7 16.Rac1 a4 17.g4 Qa5 18.Nf5 Bxf5 19.gxf5 Bxc3 20.Qxc3 Qxc3 21.Rxc3 Kg7
22.Bf3 Ra6 23.Rc2 Rb6 24.g4 Rb4 25.Kg2 Ra8 26.Kg3 Rc8 27.Bd5 Nd7 28.Rdd2 
Nf6 29.Bg2 Rbxc4 30.Rxc4 Rxc4 31.Bxb7 Rxg4+ 32.Kh3 Rh4+ 33.Kg2 Nd7 34.Rd4 
Rxd4 35.exd4 Kf6 36.Bc6 Nb6 37.Be8 Kxf5 38.Bxf7 Ke4 39.Kg3 Kxd4 40.Kg4 Ke5
41.Kh5 Kf6 42.Bg8 Kg7 43.Be6 d5 44.b3 a3 45.Bf5 e5 46.b4 e4 47.Be6 d4 48.
Kg4 Kf6 49.Bb3 Ke5 50.Kh5 Kf4 0-1

[Event "Deltalift Open 2012"]
[Site "Tylosand"]
[Date "2012.05.19"]
[Round "7.4"]
[White "Lindgren, Philip"]
[Black "Lind, Jan-Olov"]
[Result "1/2-1/2"]
[WhiteElo "2230"]
[BlackElo "2201"]

1.d4 g6 2.c4 Bg7 3.Nc3 Nf6 4.e4 d6 5.Be2 O-O 6.Nf3 e5 7.O-O Nbd7 8.Re1 c6 
9.Bf1 exd4 10.Nxd4 Ng4 11.Qxg4 Bxd4 12.Qd1 Qf6 13.Be3 Bxe3 14.Rxe3 Ne5 15.
Qd2 Rd8 16.Rd1 Be6 17.b3 a6 18.Rg3 c5 19.Nd5 Bxd5 20.exd5 Re8 21.f4 Nd7 
22.Re3 Kg7 23.g3 Rxe3 24.Qxe3 Qb2 25.Rd2 Qc1 26.Re2 Qxe3+ 27.Rxe3 Kf8 28.
Kf2 b5 29.a3 b4 30.a4 a5 1/2-1/2

[Event "Deltalift Open 2012"]
[Site "Tylosand"]
[Date "2012.05.19"]
[Round "7.5"]
[White "Nilsson, Sebastian"]
[Black "Arnelind, Mikael"]
[Result "0-1"]
[WhiteElo "2346"]
[BlackElo "2182"]

1.e4 e6 2.d4 d5 3.Nc3 Bb4 4.e5 c5 5.a3 Bxc3+ 6.bxc3 Qc7 7.Qg4 f5 8.Qg3 Nc6
9.Nf3 cxd4 10.cxd4 Nge7 11.Bd2 O-O 12.Bd3 Bd7 13.h4 f4 14.Qg4 Nxd4 15.
Bxh7+ Kxh7 16.Qh5+ Kg8 17.Nxd4 Rf5 18.Nxf5 Qxe5+ 19.Be3 Nxf5 20.O-O fxe3 
21.fxe3 Qxe3+ 22.Kh2 Rc8 0-1

[Event "Deltalift Open 2012"]
[Site "Tylosand"]
[Date "2012.05.19"]
[Round "7.6"]
[White "Mohammadi, Amir"]
[Black "Johansson, Linus"]
[Result "1-0"]
[WhiteElo "2203"]
[BlackElo "2291"]

1.e4 e6 2.d4 d5 3.Nc3 Bb4 4.Ne2 dxe4 5.a3 Bxc3+ 6.Nxc3 Nc6 7.Bb5 Ne7 8.Bg5
f6 9.Be3 f5 10.Qh5+ Ng6 11.O-O-O a6 12.Bg5 Qd7 13.d5 exd5 14.Rxd5 axb5 15.
Rxd7 Bxd7 16.Nxb5 Rc8 17.Qd1 Be6 18.Nd4 Nxd4 19.Qxd4 Kf7 20.h4 h6 21.h5 
Nf8 22.Bh4 Nd7 23.Qb4 Nf6 24.Bxf6 gxf6 25.Qxb7 Rhg8 26.g3 e3 27.Qf3 exf2 
28.Qxf2 Bd5 29.Rd1 Be4 30.Rd7+ Ke6 31.Qd4 Rxg3 32.Rh7 Rcg8 33.b4 R3g7 34.
Rxh6 Rf8 35.Rg6 Rd7 36.Qc4+ Bd5 37.Qh4 Be4 38.h6 Rh7 39.Qf4 Kf7 40.Rg3 Rc8
41.b5 Ke6 42.Rc3 Rch8 43.Rxc7 Rxh6 44.b6 R6h7 45.a4 Rh4 46.Qe3 Ke5 47.b7 
Rh3 48.Qxh3 1-0

[Event "Deltalift Open 2012"]
[Site "Tylosand"]
[Date "2012.05.19"]
[Round "7.8"]
[White "Lindh, Fredrik"]
[Black "Rosell, Tomas"]
[Result "1/2-1/2"]
[WhiteElo "2216"]
[BlackElo "2126"]

1.e4 c5 2.Nf3 d6 3.d4 cxd4 4.Nxd4 Nf6 5.Nc3 g6 6.Be3 Bg7 7.f3 Nc6 8.Qd2 
O-O 9.O-O-O Nxd4 10.Bxd4 Be6 11.Kb1 Qc7 12.h4 Rfc8 13.g4 Qa5 14.Qg5 b5 15.
a3 Rab8 16.Bd3 h6 17.Qd2 b4 18.Nb5 a6 19.g5 hxg5 20.hxg5 Nh5 21.Bxg7 Kxg7 
22.Nd4 Bc4 1/2-1/2

[Event "Deltalift Open 2012"]
[Site "Tylosand"]
[Date "2012.05.19"]
[Round "7.11"]
[White "Aberg, Anton"]
[Black "Wahlstrom, Lennart"]
[Result "1-0"]
[WhiteElo "2367"]
[BlackElo "2132"]
[EventDate "2012.05.17"]

1.e4 e5 2.Nf3 Nc6 3.d4 exd4 4.Nxd4 Nf6 5.Nxc6 bxc6 6.Bd3 d5 7.e5 Ng4 8.O-O
Bc5 9.Bf4 Qh4 10.Bg3 Qg5 11.Nd2 Nh6 12.c4 O-O 13.Rc1 Bb4 14.Nf3 Qe7 15.Bh4
Qe8 16.c5 Nf5 17.Bxf5 Bxf5 18.a3 Bg4 19.axb4 Bxf3 20.Qxf3 Qxe5 21.Bg3 Qxb2
22.Rb1 Qd4 23.Bxc7 Rfe8 24.Qd1 Qc4 25.Qb3 Qe4 26.h3 a6 27.Qc3 d4 28.Qd2 
Qd5 29.Rbd1 Re4 30.f3 Rh4 31.Bg3 Rh5 32.Qxd4 Qg5 33.h4 1-0

[Event "Deltalift Open 2012"]
[Site "Tylosand"]
[Date "2012.05.19"]
[Round "7.12"]
[White "Neretljak, Nedzad"]
[Black "Fransson, Peter"]
[Result "0-1"]
[WhiteElo "2038"]
[BlackElo "2219"]
[EventDate "2012.05.17"]

1.e4 c5 2.c3 a6 3.f4 d5 4.e5 Bf5 5.Nf3 e6 6.Be2 Nc6 7.O-O d4 8.d3 c4 9.Kh1
dxc3 10.Ng5 c2 11.Qxc2 cxd3 12.Bxd3 Bxd3 13.Qf2 Bxf1 14.Qxf1 Nh6 15.Nc3 
Qd7 16.Be3 Nf5 17.Bb6 Nb4 18.Rd1 Qc6 19.Qf2 Be7 20.Nce4 Nd5 21.Ba5 h6 22.
Nf3 Nde3 0-1

[Event "Deltalift Open 2012"]
[Site "Tylosand"]
[Date "2012.05.19"]
[Round "7.13"]
[White "Nilsson, Weine"]
[Black "Ostling, Hakan"]
[Result "0-1"]
[WhiteElo "1979"]
[BlackElo "2194"]
[EventDate "2012.05.17"]

1.e4 e6 2.d4 d5 3.Nd2 Nf6 4.e5 Nfd7 5.Bd3 c5 6.c3 Nc6 7.Ne2 cxd4 8.cxd4 f6
9.exf6 Nxf6 10.Nf3 Bd6 11.Bf4 Qa5+ 12.Bd2 Qc7 13.Rc1 O-O 14.O-O Ng4 15.Ng3
g6 16.b4 Qg7 17.h3 Nxf2 18.Rxf2 Bxg3 19.Re2 Nxd4 20.Nxd4 Qxd4+ 21.Be3 Qf6 
22.Bh6 Rf7 23.Rec2 Qd4+ 24.Kh1 Bd7 25.b5 Re8 0-1

[Event "Deltalift Open 2012"]
[Site "Tylosand"]
[Date "2012.05.19"]
[Round "7.14"]
[White "Kumar, Rahul"]
[Black "Lindahl, Emil"]
[Result "1-0"]
[WhiteElo "2144"]
[BlackElo "2137"]
[EventDate "2012.05.17"]

1.Nf3 Nf6 2.d4 e6 3.Bg5 Be7 4.e3 b6 5.Bd3 Bb7 6.Nbd2 c5 7.c3 O-O 8.O-O d6 
9.Qe2 h6 10.Bh4 Nd5 11.Bg3 cxd4 12.exd4 Nd7 13.a3 Re8 14.c4 N5f6 15.h3 Bf8
16.Rad1 Qc7 17.Bb1 Rad8 18.Rfe1 a5 19.Nf1 g6 20.Bh4 Rc8 21.Rc1 Bg7 22.Ne3 
Qb8 23.Bg3 Ne4 24.Bh2 f5 25.b4 axb4 26.axb4 e5 27.d5 Ndf6 28.Nh4 Kf7 29.g4
Ng5 30.Qf1 Nfe4 31.gxf5 gxf5 32.Nexf5 Nd2 33.Qd3 Nxb1 34.Nxg7 e4 35.Qxb1 
Kxg7 36.Bxd6 Qa7 37.Qb2+ Kh7 38.Qf6 Nf3+ 39.Nxf3 exf3 40.Qf7+ Kh8 41.Rxe8+
1-0

[Event "Deltalift Open 2012"]
[Site "Tylosand"]
[Date "2012.05.19"]
[Round "7.15"]
[White "Olofsson Dolk, Mattis"]
[Black "Svensson, Leif"]
[Result "0-1"]
[WhiteElo "2002"]
[BlackElo "2136"]
[EventDate "2012.05.17"]

1.e4 Nf6 2.e5 Nd5 3.d4 d6 4.Nf3 g6 5.Bc4 Nb6 6.Bb3 Bg7 7.exd6 cxd6 8.O-O 
O-O 9.Be3 Nc6 10.c3 d5 11.Nbd2 Na5 12.Re1 Qc7 13.Ne5 f6 14.Nd3 Nxb3 15.
Qxb3 Bf5 16.Bf4 e5 17.Nxe5 fxe5 18.Bxe5 Bxe5 19.Rxe5 Rae8 20.Rae1 Rxe5 21.
Rxe5 Qf7 22.Nf3 Be4 23.Qd1 Bxf3 24.Qxf3 Qxf3 25.gxf3 Rxf3 26.a4 Rf5 27.Re7
Rf7 28.Re8+ Kg7 29.a5 Nc4 30.Rd8 Nxb2 31.Rxd5 Nd1 32.a6 Nxc3 33.axb7 Rxb7 
34.Rc5 Ne2+ 0-1

[Event "Deltalift Open 2012"]
[Site "Tylosand"]
[Date "2012.05.19"]
[Round "7.16"]
[White "Lindborg, Patrik"]
[Black "Larsson, Dan"]
[Result "1-0"]
[WhiteElo "2132"]
[BlackElo "2122"]
[EventDate "2012.05.17"]

1.d4 d5 2.c4 c6 3.Nf3 Nf6 4.Nc3 a6 5.c5 Nbd7 6.Bf4 g6 7.e3 Bg7 8.Bd3 O-O 
9.O-O Nh5 10.Na4 Nxf4 11.exf4 Qc7 12.g3 f6 13.f5 gxf5 14.Bxf5 e5 15.Nh4 
Nxc5 16.Nxc5 Bxf5 17.Nxf5 Rae8 18.Qg4 Kh8 19.Nxg7 Qxg7 20.Qxg7+ Kxg7 21.
Rfe1 Re7 22.Re2 h5 23.Nd3 Rfe8 24.Rae1 e4 25.Nf4 Kh6 26.h4 f5 27.Rc1 Rg8 
28.Rc3 Rd8 29.Kf1 Rd6 30.Rec2 Rc7 31.Rc5 b6 32.Rxd5 1-0

[Event "Deltalift Open 2012"]
[Site "Tylosand"]
[Date "2012.05.19"]
[Round "7.18"]
[White "Moren, Bjorn"]
[Black "Ollen, Martin"]
[Result "1/2-1/2"]
[WhiteElo "2206"]
[BlackElo "1835"]
[EventDate "2012.05.17"]

1.e4 c5 2.Nc3 Nc6 3.g3 e6 4.Bg2 Nf6 5.f4 d6 6.d3 Be7 7.Nf3 a6 8.a4 Rb8 9.
O-O O-O 10.h3 b5 11.g4 b4 12.Ne2 Bb7 13.f5 exf5 14.exf5 h6 15.Bf4 Nd5 16.
Qd2 Bf6 17.Rab1 Nxf4 18.Nxf4 Nd4 19.Nh5 Nxf3+ 20.Bxf3 Bg5 21.Qg2 d5 22.
Rbe1 Qd6 23.Qh2 Qxh2+ 24.Kxh2 Bh4 25.Re5 Rfe8 26.Rxe8+ Rxe8 27.Nf4 Rd8 28.
b3 1/2-1/2

[Event "Deltalift Open 2012"]
[Site "Tylosand"]
[Date "2012.05.19"]
[Round "7.20"]
[White "Madebrink, Lars"]
[Black "von Bromssen, Goran"]
[Result "1-0"]
[WhiteElo "2271"]
[BlackElo "2074"]
[EventDate "2012.05.17"]

1.d4 Nf6 2.Nf3 e6 3.c4 b6 4.g3 Bb7 5.Bg2 Be7 6.O-O O-O 7.Qd3 d5 8.Nc3 dxc4
9.Qxc4 a6 10.Bf4 Bd6 11.Ne5 Bxg2 12.Kxg2 b5 13.Qd3 Qc8 14.Qf3 Ra7 15.Ne4 
Nxe4 16.Qxe4 Qb7 17.Qxb7 Rxb7 18.Rac1 f6 19.Nc6 Bxf4 20.gxf4 Kf7 21.e3 
Nxc6 22.Rxc6 Ra8 23.Rfc1 Raa7 24.Kf3 Ke7 25.Ke4 b4 26.h4 Kd7 27.R6c5 Rb5 
28.h5 Kd6 29.f5 exf5+ 30.Kxf5 Ke7 31.Ke4 Kd6 32.h6 gxh6 33.Rc6+ Ke7 34.
Rxc7+ Rxc7 35.Rxc7+ Kd6 36.Rxh7 Rh5 37.Rb7 a5 38.Rb6+ Ke7 39.Ra6 Rh2 40.
Kf3 Rh5 41.b3 Kf7 42.e4 Rb5 43.Kf4 Ke7 44.d5 Rc5 45.Kf5 Rc2 46.Ra7+ Kd6 
47.f4 Rxa2 48.Kxf6 Ra3 49.Ra6+ Kd7 50.e5 1-0